Регионална библиотека "Любен Каравелов" - Русе

Рапорт до Ал. Стамболийски (Запис номер 342487)

MARC детайли
000 -Лидер
Контролно поле с фиксирана дължина 01159nam a2200277 c 4500
003 - Код на организацията, давaща контролен номер
Контролно поле BLK
005 - Дата и час на последна редакция
Контролно поле 20191007132345.0
008 - Елементи от данни с фиксирана дължина
fixed length control field 180911b bul|||||r ||||||| ||bul||
010 ## - Наследен системен номер
LC control number 002126
040 ## - Източник на каталожния запис
Идентификатор на билиотеката - собственик на записа BLK
041 ## - Код за език
Код за езика на текст/звукозапис или на отделно заглавие Български
Код за езика КДБФ Български
080 ## - УДК
УДК - код + определител 323(497.2)
100 1# - Редна дума - Автор
Автор РАДОЛОВ, Александър
Авторска отговорност първи автор
R(LIN) 399293
245 00 - Сведения за заглавието
Заглавие Рапорт до Ал. Стамболийски
Подзаглавни данни Кражбите в Нар. магазин. Убийството на Такев и журналиста Петков. Атентата в Одеон и редица други престъпления
260 ## - Област на издателските данни
Място на издаване, разпространение и проч. София
Име на издателя, разпространителя и проч. Комисия за преглеждане архивите на бившите министри
Година на издаване 1923
Печатница кооп. печ. Гутенберг
300 ## - Физическа характеристика
Страници 31 с
Размери/Мащаб 24 см
380 ## - Жанр
Жанр Обществени науки
490 ## - СЕРИИ (Колекции)
Име на серия Дружбашки режим
490 ## - СЕРИИ (Колекции)
Име на серия Документи
490 ## - СЕРИИ (Колекции)
Име на серия Частна колекция - Академик Михаил Арнаудов
Бележки за серията Дарение - Основен фонд
655 ## - Ключова дума – жанр/разновидност
Данни за жанр/разновидност или ключова дума за фокус Политика
700 1# - Други автори (авторска отговорност)
Лично име Ал. Радолов
9 (RLIN) 399294
852 ## - Местоположение
Форматна сигнатура МА 2869
999 ## - СИСТЕМНИ КОНТРОЛНИ НОМЕРА
Koha biblionumber 342487
Koha biblioitemnumber 342487
942 ## - АРТИКУЛИ
Вид на библиотечния материал Книги
Скрит в OPAC Не
Периодичен библиозапис Да
944 ## - СЪЗДАВАНЕ И РЕДАКЦИЯ на ЗАПИСА
Създаване/Редакция Създаване
Дата на регистрацията/редакция 1994
999 ## - СИСТЕМНИ КОНТРОЛНИ НОМЕРА
Koha biblioitemnumber 342487
Наличности
Код за отписване Код за изгубен артикул Източник на класификационната схема Код за повреда Коз за рестрикции Код за отдаване Артикулен № Име на библиотеката - собственик Име на библиотеката, в която се намира в момента Статус (Текущо местоположение) Местоположение - отдел Цена в лева Номерация (Хронология) Инвентарен номер Систематично азбучна сигнатура Баркод Номер на екземпляра Цена в евро Служебен тип на артикула
  Не е изгубен Universal Decimal Classification Не е повреден без рестрикции Специални фондове ( старопечатни, редки и ценни, фонд М. Арнаудов) 742549 Регионална библиотека "Любен Каравелов" Русе Регионална библиотека "Любен Каравелов" Русе Фонд "Михаил Арнаудов" Фонд "Михаил Арнаудов" 2.00   590585 МА 2869 120000590585 1 1.02 Книги
Vip Innovations Ltd, Rousse, Bulgaria 2025